Регионална библиотека "Любен Каравелов" - Русе

Моливко (Запис номер 157798)

MARC детайли
000 -Лидер
Контролно поле с фиксирана дължина 01806nam a2200409 c 4500
003 - Код на организацията, давaща контролен номер
Контролно поле BLK
005 - Дата и час на последна редакция
Контролно поле 20240621125717.0
008 - Елементи от данни с фиксирана дължина
fixed length control field 180410b bul|||||r ||||||| ||bul||
010 ## - Наследен системен номер
LC control number KNG00164749000
020 ## - Международен стандартен номер на книга ISBN
Международен стандартен номер на книга ISBN 978-954-439-930-6
-- издат.: Слово
040 ## - Източник на каталожния запис
Идентификатор на билиотеката - собственик на записа BLK
041 ## - Код за език
Код за езика на текст/звукозапис или на отделно заглавие Български
Код за езика КДБФ Български
072 #7 - Код за тематичната категория
Код организация bullib
Код за тематична категория Н37
Текст Образование. Педагогика Н
080 ## - УДК
Текстов определител УДК Занимания в предучилищна възраст
УДК код - определител по УДК 372.3
УДК определител
УДК - код + определител 372.3
100 ## - Редна дума - Автор
Автор Петрова, Веселина Василева
Дати, свързани с автора 1954 -
R(LIN) 253577
139 ## - Редно поле
Редна дума Моливко
Авторски знак Мол - М 81
245 10 - Сведения за заглавието
Заглавие Моливко
Подзаглавни данни Кн. за учителя за предучилищно възпитание и подготовка на 3-4-год. деца по всички образователни направления
Редно поле (дума) Веселина Василева Петрова.
250 ## - Област на изданието
Сведения за изданието 2. доп. изд.
257 ## - Страна на издаване
Страна на създаване/издаване България
260 ## - Област на издателските данни
-- В. Търново
Име на издателя, разпространителя и проч. Слово
Година на издаване 2010
Печатница В. Търново : Абагар
300 ## - Физическа характеристика
Страници 624 с.
Илюстрации и др. с ил., табл.
Размери/Мащаб 24 см
380 ## - Жанр
Жанр Обществени науки
490 1# - СЕРИИ (Колекции)
Име на серия Моливко
500 ## - Общи забележки
Забележка 1. изд. 2006. - Библиогр. след отд. направления.
650 #4 - Допълнително описание по предмет – тема
Основно описание – тема или топоним Предучилищно възпитание
9 (RLIN) 241578
650 #0 - Допълнително описание по предмет – тема
Основно описание – тема или топоним Детски градини - учебно-възпитателна работа
9 (RLIN) 245906
653 ## - Ключова дума – ненормативна
Ключова дума предучилищна възраст
653 ## - Ключова дума – ненормативна
Ключова дума учебно-възпитателна работа
653 ## - Ключова дума – ненормативна
Ключова дума книга за учителя
659 ## - Тематичен бюлетин
Тематичен бюлетин Н
852 ## - Местоположение
Форматна сигнатура Цб 270699
856 4# - Електронен адрес и достъп
Електронен формат pdf - файл
Път до файла /url/
856 4# - Електронен адрес и достъп
Електронен формат pdf - файл
Път до файла /url/
942 ## - АРТИКУЛИ
Вид на библиотечния материал Книги
Скрит в OPAC Не
Koha issues (borrowed), all copies 2
944 ## - СЪЗДАВАНЕ И РЕДАКЦИЯ на ЗАПИСА
Създаване/Редакция Създаване
Дата на регистрацията/редакция 05.09.2014
Служител, извършил регистрацията/редакцията 30560
Статус, дата на статуса Геновева Генчева
944 ## - СЪЗДАВАНЕ И РЕДАКЦИЯ на ЗАПИСА
Създаване/Редакция Редакция
Дата на регистрацията/редакция 25.04.2015
Служител, извършил регистрацията/редакцията Геновева_Генчева
999 ## - СИСТЕМНИ КОНТРОЛНИ НОМЕРА
Koha biblionumber 157798
Koha biblioitemnumber 157798
Наличности
Код за отписване Код за изгубен артикул Код за повреда Коз за рестрикции Код за отдаване Артикулен № Име на библиотеката - собственик Име на библиотеката, в която се намира в момента Статус (Текущо местоположение) Дата на вписване в системата Местоположение - отдел Цена в лева Инвентарен номер Систематично азбучна сигнатура Баркод Номер на екземпляра Цена в евро Служебна бележка Служебен тип на артикула
  Не е изгубен Не е повреден без рестрикции ползва се в читалня 264205 Регионална библиотека "Любен Каравелов" Русе Регионална библиотека "Любен Каравелов" Русе Хранилище 2014-09-09 Хранилище 10.00 120000780566 Цб 270699 120000780566 1 5.11 Дост: Dp Вид: Д N: 49 Дата: 01.12.2013 Книги
Vip Innovations Ltd, Rousse, Bulgaria 2025